000 00554nmm a2200157Ia 4500
008 251105s9999||||xx |||||||||||||||||und||
020 _a9789588347806
041 _aspa
100 _aDuque Tobar, Nazly
245 0 _aLa gerencia social y sus nexos con el concepto de pobreza: Primer acercamiento
264 _a[Bogotá, Colombia] :
_bSello Editorial Javeriana - Pontificia Universidad Javeriana Cali,
_c2017
300 _a129 páginas
650 _aSocial Sciences (General)
856 _uhttps://public.digitaliapublishing.com/a/59660
942 _cCF
999 _c96511
_d96511